000 00532nam a2200193Ia 4500
005 20250326142006.0
008 250326s9999 xx 000 0 und d
020 _a81-7132-005-8
037 _aTextbook
040 _aFMSL
_beng
_cFMSL
041 _aeng
_2eng
084 _aX62:97W M8
_qFMSL
100 _aKothari R K
_9273513
245 0 _aUnion management relations in banks
_cKothari R K
260 _aJaipur
_bJaipur, Pointer
_c1988
300 _a189p
942 _cTB
_hX62:97W M8
999 _c1292949
_d1292949